|
|
|
|
| LEADER |
01858nab#a2200409#ar4500 |
| 001 |
000072872 |
| 003 |
SVKKK |
| 005 |
20111025083851.0 |
| 008 |
080218d1908 xo |||||||||||||||b|hun |
| FMT |
|
|
|
| 038 |
|
|
|a SVKKK
|
| 040 |
|
|
|a SVKKK
|b slo
|e AACR2
|
| 041 |
0 |
|
|a hun
|
| 044 |
|
|
|a xo
|c SK
|
| 080 |
|
|
|a 614:061.2
|2 1981
|
| 080 |
|
|
|a 061.2
|2 1981
|
| 080 |
|
|
|a 929 Andráši, Sándorné
|2 1981
|
| 242 |
1 |
0 |
|a Ochrankyňa Sanatórneho spolku arcikniežaťa Jozefa
|y slo
|
| 245 |
1 |
2 |
|a A József főherceg szanatórium védnöknője
|
| 500 |
|
|
|a Popis z mikrofilmu
|
| 500 |
|
|
|a Dohľadanie
|
| 520 |
2 |
|
|a Správa o tom, že predsedníčka Sanatórneho spolku arcikniežaťa Jozefa (humenská pobočka) Istvánné Géczy a podpredsedníčky Jánosné Szekerák a Ervinné Moskovics vykonali zdvorilostnú návštevu u grófky Márii (Sándorné) Andráši s tým, že ju požiadali o patronát nad spolkom, čo menovaná ihneď prijala
|
| 600 |
1 |
4 |
|a Andráši, Sándorné
|c rodená Esterházy, Mária
|d 1870 - 1962
|x grófka, dvorná dáma, manželka Alexandra A.
|z Réde (Maďarsko)
|x rodáčka
|z Veľaty, Humenné (Slovensko), Budapešť (Maďarsko)
|x pôsobenie
|
| 610 |
1 |
4 |
|a Sanatórny spolok arcikniežaťa Jozefa (pobočka humenská) (Humenné, Slovensko)
|
| 650 |
0 |
4 |
|a patronáž nad spolkom
|x funkcia ponúknutá (aj prijatá)
|z Humenné (Slovensko)
|y júl 1908
|
| 655 |
|
4 |
|a hungariká
|
| 773 |
0 |
|
|t Felvidéki Hirlap : Közgazdasági, társadalmi és szépirodalmi hetilap
|g Roč. 1, č. 18 (12.07.1908) s. 3
|
| 957 |
|
|
|a Humenné
|
| 958 |
|
|
|a DG
|
| 958 |
|
|
|a HU
|
| 974 |
|
|
|a Ba
|
| 992 |
|
|
|a RBX
|
| 997 |
|
|
|a Esterházy, Mária p. Andrássy, Sándorné p. Andráš,i Sándorné
|d Homonna p. Humenné
|
| 997 |
|
|
|a Géczy, Istvánné
|d Homonna p. Humenné
|
| 997 |
|
|
|a Szekerák, Jánosné
|d Homonna p. Humenné
|
| BAS |
|
|
|
| 998 |
|
|
|a RETRO
|